000 03606cam a22005894a 4500
001 muse76494
003 MdBmJHUP
005 20210127151320.0
006 m o d
007 cr||||||||nn|n
008 170725t20172017ne o 00 0 eng d
010 _z 2017466112
020 _a9789048531356
020 _a9048531357
020 _z9789462981690
020 _z9462981698
035 _a(OCoLC)1111905893
040 _aMdBmJHUP
_cMdBmJHUP
050 0 4 _aHM883
_b.G58 2017
082 0 _a303.48/4
_223
245 0 0 _aGlobal Diffusion of Protest
_cedited by Donatella della Porta.
264 1 _bAmsterdam University Press,
264 3 _bProject MUSE,
300 _a1 online resource (262 pages) :
_billustrations, maps ;
490 0 _aProtest and social movements ;
_v11
504 _aIncludes bibliographical references (pages 233-259) and index.
505 0 _a1. Riding the wave: Protest cascades, and what we can learn from them / Donatella della Porta -- 2. The spirit of Gezi: A relational approach to eventful protest and its challenges / Donatella della Porta and Kivanc Atak -- 3. Brazil's popular awakening -- June 2013: Accounting for the onset of a new cycle of contention / Mariana S. Mendes -- 4. Making sense of "La Salida": Challenging left-wing control in Venezuela / Juan Masullo -- 5. The Marikana Massacre and Labor Protest in South Africa / Francis O'Connor -- 6. Left in translation: The curious absence of austerity frames in the 2013 Bulgarian protests / Julia Rone -- 7. "Sow hunger, reap anger": From neoliberal privatization to new collective identities In Bosnia-Herzegovina / Chiara Milan -- 8. A spirit of Maidan?: Contentious escalation in Ukraine / Daniel P. Ritter -- 9. Riding the wave: Some conclusions / Donatella della Porta.
506 0 _aOpen Access
_fUnrestricted online access
_2star
520 8 _aRecent years have seen a new development in the growth and spread of popular protest: protests that began as local, homogeneous events - such as Occupy Wall Street or the protests of the Arab Spring - quickly left their original locations, and local specificity, behind and became global. This book looks at the development of this wave of protests, with a specific eye on protests against austerity and neoliberal economic policies, and offers a global view, covering events in Turkey, Brazil, Venezuela, South Africa, Bosnia, Bulgaria, Ukraine, and other locations.
588 _aDescription based on print version record.
650 0 _aLiberalisme economique.
_2ram
650 0 _aMouvements contestataires
_xComparaison interculturelle.
_2ram
650 0 _aMouvements contestataires
_xHistoire
_y21e siecle.
_2ram
650 0 _aProtest movements.
_2fast
_0(OCoLC)fst01079826
650 0 _aNeoliberalism.
_2fast
_0(OCoLC)fst01737382
650 0 _aNeoliberalism.
650 0 _aProtest movements
_vCross-cultural studies.
650 0 _aProtest movements
_xHistory
_y21st century.
648 7 _a2000-2099
_2fast
655 0 _aHistory.
_2fast
_0(OCoLC)fst01411628
655 0 _aCross-cultural studies.
_2fast
_0(OCoLC)fst01423769
655 7 _aElectronic books.
_2local
700 1 _aDella Porta, Donatella,
_d1956-
_eeditor.
710 2 _aProject Muse.
_edistributor
830 0 _aProtest and social movements ;
_v11.
830 0 _aBook collections on Project MUSE.
856 4 0 _zFull text available:
_uhttps://muse.jhu.edu/book/66290/
999 _c25386
_d25386